000 00347nam a22001217a 4500
020 _a0072470402
082 _222
_a005.369
100 _aHulchin son, Saras E and coulthard glen J.
245 _aadvantage series Micro soft Excel 2002 /
260 _bMc Graw-Hill Higher Education,
_cc 2002.
300 _axvi,805 p, ;
_bNA
_c24 cm.
942 _2ddc
_cIT
999 _c4117
_d4117